Microsoft Diccionario de Informática e internet/ (Registro nro. 9986)

Detalles MARC
000 -LEADER
fixed length control field 00757nam a2200217Ia 4500
005 - FECHA Y HORA DE LA ÚLTIMA TRANSACCIÓN
control field 20231120164703.0
008 - FIXED-LENGTH DATA ELEMENTS--GENERAL INFORMATION
fixed length control field 231115s9999 xx 000 0 und d
020 ## - INTERNATIONAL STANDARD BOOK NUMBER
International Standard Book Number 84-481-2893-1
040 ## - CATALOGING SOURCE
Original cataloging agency UPAN
Transcribing agency Biblioteca San Vicente
Description conventions RCAA2
041 ## - LANGUAGE CODE
Language code of text/sound track or separate title spa
082 ## - DEWEY DECIMAL CLASSIFICATION NUMBER
Classification number 004.03
Item number S263d
año de publicación 2001
100 ## - MAIN ENTRY--PERSONAL NAME
Personal name Woodcock, Joanne
Relator code Col.
245 #0 - TITLE STATEMENT
Title Microsoft Diccionario de Informática e internet/
250 ## - EDITION STATEMENT
Edition statement 1° ed.
260 ## - PUBLICATION, DISTRIBUTION, ETC. (IMPRINT)
Place of publication, distribution, etc España:
Name of publisher, distributor, etc McGraw Hill,
Date of publication, distribution, etc 2001
300 ## - PHYSICAL DESCRIPTION
Extent 844 p.;
Dimensions 25 cm.
505 ## - FORMATTED CONTENTS NOTE
Formatted contents note Contenido: Diccionario, Apéndice A, Apéndice B, Apéndice C, Apéndice D, Apéndice E, Apéndice F, Apéndice G, Apéndice H, Apéndice I.
648 ## - SUBJECT ADDED ENTRY--CHRONOLOGICAL TERM
Source of heading or term LEMB
Chronological term Internet
Form subdivision Diccionario
700 ## - ADDED ENTRY--PERSONAL NAME
Personal name Becerra Terron, Antonio
Relator code tr.
942 ## - ADDED ENTRY ELEMENTS (KOHA)
Koha item type Libros
Source of classification or shelving scheme Dewey Decimal Classification
Existencias
Withdrawn status Lost status Source of classification or shelving scheme Damaged status Not for loan Collection code Home library Current library Date acquired Total Checkouts Full call number Barcode Date last seen Copy number Price effective from Koha item type
    Dewey Decimal Classification     Referencia Biblioteca UPAN San Vicente Biblioteca UPAN San Vicente 16/11/2023   004.03 S263d 12001950 16/11/2023 01 16/11/2023 Libros